000 00607cam a22001934a 4500
005 20250605164217.0
008 250528s ||||||||||||||||||||||||d
035 _a20512
020 _a70115206
040 _aGR-AtMCL
_bgre
_dGR-AtMCL
_eAACR2
245 1 _aBusiness in American Life / A History
260 _bMcgraw Hill Book Company,
_c1972
300 _a402
520 _aPreface. Heritage 1607-1775, Transition 1775-1850, Industrialism 1850-1915, Affluence 1915-1970, Bibliographical Guide, Note, Index.
700 1 _aCochran Thomas C
_94975
942 _cBK
999 _c5612
_d5612